| 000 | 00738nam a2200205 i 4500 | ||
|---|---|---|---|
| 001 | 77180 | ||
| 003 | ES-MaACL | ||
| 005 | 20230906173116.0 | ||
| 007 | t| | ||
| 008 | 041007s1981 sp ||||1| spa d | ||
| 100 | 1 |
_aGutiérrez Gorlat, José Luis. _961159 |
|
| 245 | 1 | 0 |
_aCastografía y fotografía aérea _b: manual de contratación / _c[autores: José Luis Gutiérrez Gorlat, Antonio Sampayo Cortiñas]. |
| 260 |
_a[Madrid] : _bCentro de Estudios de Ordenación del Territorio y Medio Ambiente. A.G.E., _c1981. |
||
| 300 |
_a348 p. ; _c30 cm. |
||
| 490 | 1 | _aSerie manuales | |
| 700 | 1 |
_aSampayo Cortiñas, Antonio. _9102183 |
|
| 830 | 0 |
_aSerie manuales _9183545 |
|
| 852 |
_aES-MaACL _jL-5862 _bR.106446 |
||
| 999 |
_c77180 _d77180 |
||